| 000 | 00545nam a2200193Ia 4500 | ||
|---|---|---|---|
| 003 | OSt | ||
| 005 | 20250529123014.0 | ||
| 008 | 210210b1991 xxu||||| |||| 00| 0 eng d | ||
| 040 |
_aAL _c |
||
| 041 | _akannada | ||
| 082 | _a306.0954K SHAB | ||
| 100 |
_aSHANKAR RAV (Cha Na). _931887 _d ಶಂಕರ್ ರಾವ್ (ಚ ನ) |
||
| 245 |
_aBharatiya samaja _b ಭಾರತೀಯ ಸಮಾಜ |
||
| 260 |
_aMangaluru _bJai Bharat Prakashana _c1991 |
||
| 300 | _a588 | ||
| 690 |
_aIndian Society _931888 |
||
| 906 | _a045645 | ||
| 942 |
_2ddc _cBK |
||
| 999 |
_c94938 _d94938 |
||